| 000 | 00328nam a22001217a 4500 | ||
|---|---|---|---|
| 008 | 230703b xxu||||| |||| 00| 0 eng d | ||
| 082 |
_a352.4 _bGOK |
||
| 100 | _cGOK | ||
| 245 | _aEstimates of Revenue of Revenue and Expenditure of the Road Authority for the Year 1952 | ||
| 260 |
_bGOK _c1952 |
||
| 300 | _a25p | ||
| 942 |
_2ddc _cBK |
||
| 999 |
_c3180 _d3180 |
||